Normal view
MARC view
Entry Personal Name
001 - CONTROL NUMBER
- control field: 26066
003 - CONTROL NUMBER IDENTIFIER
- control field: OSt
005 - DATE AND TIME OF LATEST TRANSACTION
- control field: 20210729155714.0
008 - FIXED-LENGTH DATA ELEMENTS
- fixed length control field: 210729|| aca||aabn | a|a d
040 ## - CATALOGING SOURCE
- Original cataloging agency: OSt
- Transcribing agency: OSt
100 ## - HEADING--PERSONAL NAME
- Personal name: Heijden, Machiel Van and Schalk, Jelmer
670 ## - SOURCE DATA FOUND
- Source citation: Work cat.: (OSt)517081: Heijden, Machiel Van and Schalk, Jelmer, Network relationships and standard adoption: Diffusion effects in transnational regulatory networks
